| 000 | 02435nab a2200277 a 4500 | ||
|---|---|---|---|
| 005 | 20250203095950.0 | ||
| 007 | ta | ||
| 008 | 250128e2009 dr uu|p|r||||||0| | spa d | ||
| 022 | _a2636-1981 | ||
| 040 |
_aDO-SdBNP _cDO-SdBNP _erda |
||
| 041 | _hspa | ||
| 100 |
_aTena Dávila, Manuel de _986923 _easesor |
||
| 245 |
_aLos servicios geológicos : _binstituciones públicas al servicio de la sociedad / _cManuel de Tena Dávila. |
||
| 264 |
_aSanto Domingo, República Dominicana : _bSociedad Dominicana de Geología (SODOGEO), _c2009. |
||
| 300 |
_apágina 20 ; _c28 cm. |
||
| 310 | _aDesconocida. | ||
| 336 |
_atexto _btxt _2rdacontent |
||
| 337 |
_asin mediacion _bn _2rdamedia |
||
| 338 |
_avolumen _bnc _2rdacarrier |
||
| 362 | _aVolumen 6, No. 25, Noviembre 2009. | ||
| 521 |
_aPrácticamente todos los Servicios Geológicos del mundo se crearon como instituciones ligadas o muy relacionadas con la actividad minera, exploración, y explotación de recursos minerales. En los últimos 30 años, su actividad se ha ampliado y centrado en proporcionar información dirigida, fundamentalmente, a la ordenación del territorio, a la explotación sostenible de los recursos naturales y al medioambiente de cada país, región o localidad. Se puede decir que, actualmente, los Servicios Geológicos son instituciones públicas expertas en el conocimiento científico técnico de su territorio y que se las considera como las instituciones más adecuadas y capacitadas para asesorar a la sociedad sobre su protección y gestión sostenible. Al ser el patrimonio geológico de cada país un activo fundamental que el Estado debe de proteger y conservar, los Servicios Geológicos son las organizaciones responsables de administrar estos activos de una forma sostenible y ponerlos a disposición de la sociedad. Son los depositarios del conocimiento científico de la geología del país, de su actualización, documentación y de su adecuación y traducción, para que repercuta en la sociedad y en la mejor calidad de vida de los ciudadanos... _bhttp://redciencia.cu/geobiblio/paper/2009_Boletin_Geo25_Dominicana_Carib.pdf |
||
| 650 | 0 |
_aServicios _926253 _vPublicaciones periódicas _zRepública Dominicana |
|
| 773 | 0 |
_058091 _9320152 _aSociedad Dominicana de Geología (SODOGEO) _o2025-0490 _tGeo noticias / _x2636-1981 |
|
| 856 | _uhttp://redciencia.cu/geobiblio/paper/2009_Boletin_Geo25_Dominicana_Carib.pdf | ||
| 942 |
_2ddc _cISSUE |
||
| 999 |
_c58093 _d58093 |
||